000
00295nam a2200133Ia 4500
999
_c
206
_d
206
003
OSt
008
191201s2004 xx 000 0 und d
100
_a
KUMAR, Brajesh
245
0
_a
Modern Microeconomics
260
_a
N. delhi
_b
Ane Books
_c
2004
300
_a
323
650
_a
MBA
942
_2
ddc
_c
BK